Coca, derecho y violencia: sobre la economía de la cocaína en Colombia /
Análisis sobre el negocio de la cocaína en Colombia, su incidencia en la situación económica del país y en el clima de violencia que vive Colombia. Parte de que el negocio de la coca tiene gran importancia socio-económica en ese país pues, por un lado, son muchas las personas que dependen de ese ru...
محفوظ في:
| المؤلف الرئيسي: | |
|---|---|
| التنسيق: | نص |
| الموضوعات: | |
| الوسوم: |
إضافة وسم
لا توجد وسوم, كن أول من يضع وسما على هذه التسجيلة!
|
MARC
| LEADER | 00000 a a2200000 04500 | ||
|---|---|---|---|
| 001 | 5112 | ||
| 003 | |||
| 040 | |||
| 100 | |a Dombois, Rainer | ||
| 245 | |a Coca, derecho y violencia: |b sobre la economía de la cocaína en Colombia / |c Rainer Dombois | ||
| 520 | |a Análisis sobre el negocio de la cocaína en Colombia, su incidencia en la situación económica del país y en el clima de violencia que vive Colombia. Parte de que el negocio de la coca tiene gran importancia socio-económica en ese país |a pues, por un lado, son muchas las personas que dependen de ese rubro de la economía o participan, directa o indirectamente de sus beneficios |a y por otra parte el negocio de la droga irradia a otros campos de la economía dentro del país, vinculándose a la actividad legal y amalgamándose con ella hasta su total disimulación. Por tanto el auge de tal negocio con el cual solo pueden medirse en Latinoamérica pocas actividades orientadas a la exportación plantea dos interrogantes a dilucir aquí y que son: 1. como es posible que un sector económico con apreciable nivel de elaboración y redes de organización multinacionales, pueda florecer y expandirse en la ilegalidad sometido a menudo a un considerable grado de persecusión |a 2. referente a las relaciones internas del sector, como es posible que los participantes resistan a la presión más o menos intensa de criminalización, que mantengan el hermetismo incluso en situaciones de diferencia de opiniones y conflicto de intereses. Para responder a ambas preguntas, se analizan los siguientes temas: mercado, precios y ganancias en el negocio de la cocaína, microestructura social de la economía de la coca, persecusión penal como farsa y legitimación y violencia. EB/JM | ||
| 650 | |a DROGAS DE USO INDEBIDO | ||
| 650 | |a SANCIONES PENALES | ||
| 650 | |a DELINCUENCIA | ||
| 650 | |a VIOLENCIA | ||
| 650 | |a GRUPOS DE INTERESES | ||
| 650 | |a COMERCIALIZACION | ||
| 650 | |a CONDICIONES ECONOMICAS | ||
| 650 | |a CONDICIONES SOCIALES | ||
| 650 | |a PRECIOS | ||
| 650 | |a GANANCIA | ||
| 650 | |a REINVERSIONES | ||
| 650 | |a COMERCIO DE DROGAS | ||
| 650 | |a COCAINA | ||
| 650 | |a COSTOS DE PRODUCCION | ||
| 650 | |a GANANCIA | ||
| 650 | |a PRECIOS | ||
| 650 | |a VALOR AGREGADO | ||
| 650 | |a EXPROPIACION | ||
| 773 | |g número 3; páginas 15-26 | ||
| 999 | |c 37323 |d 37323 | ||
| 773 | 0 | |0 43099 |9 4557 |a Centro de Estudios Internacionales de la Universidad de los Andes |d Bogotá, Colombia: Centro de Estudios Internacionales de la Universidad de los Andes, 1988- |o MFN: 0415 |t Documentos Ocasionales / | |
